000 00278nam a22001337a 4500
008 180306b xxu||||| |||| 00| 0 eng d
020 _a9780070939868
041 _aeng
080 _a339.138
100 _a60
101 _aMAR
245 _aMarketing
_cCrane
942 _2udc
_cBK
999 _c44145
_d44145